Independent redress system (Record no. 118203)

MARC details
000 -LEADER
fixed length control field 01145cam a2200229 4500
001 - CONTROL NUMBER
control field WB@3612-669
008 - FIXED-LENGTH DATA ELEMENTS--GENERAL INFORMATION
fixed length control field 041020n2004 000 0 eng u
035 ## - SYSTEM CONTROL NUMBER
System control number (Sirsi) u127779
245 ## - TITLE STATEMENT
Title Independent redress system
260 ## - PUBLICATION, DISTRIBUTION, ETC.
Date of publication, distribution, etc. 2004
490 ## - SERIES STATEMENT
Series statement Estate Agent
Volume/sequential designation October 2004, 7(1)
520 ## - SUMMARY, ETC.
Summary, etc. Following a six-month internal consultation, the National Association of Estate Agents has decided to set up an independent redress system. This will allow anyone who has a valid complaint concerning a member agent to potentially receive financial compensation. The NAEA's current disciplinary system deals with the cause of any complaints by heavily fining or expelling members and under the new system they will now also be able to deal with the effect of the complaint by potentially compensating the complainant. Visit http://www.naea.co.uk for more information.
590 ## - LOCAL NOTE (RLIN)
Local note WB
590 ## - LOCAL NOTE (RLIN)
Local note WB
650 ## - SUBJECT ADDED ENTRY--TOPICAL TERM
Topical term or geographic name entry element NATIONAL ASSOCIATION OF ESTATE AGENTS
650 ## - SUBJECT ADDED ENTRY--TOPICAL TERM
Topical term or geographic name entry element ESTATE AGENTS
650 ## - SUBJECT ADDED ENTRY--TOPICAL TERM
Topical term or geographic name entry element PROFESSIONAL BODIES
650 ## - SUBJECT ADDED ENTRY--TOPICAL TERM
Topical term or geographic name entry element RESIDENTIAL ESTATE AGENTS
650 ## - SUBJECT ADDED ENTRY--TOPICAL TERM
Topical term or geographic name entry element COMPLAINTS
690 ## - LOCAL SUBJECT ADDED ENTRY--TOPICAL TERM (OCLC, RLIN)
Topical term or geographic name as entry element PROFESSIONAL PRACTICE
942 ## - ADDED ENTRY ELEMENTS (KOHA)
Suppress in OPAC 0
Holdings
Withdrawn status Lost status Source of classification or shelving scheme Damaged status Not for loan Home library Current library Shelving location Date acquired Total Checkouts Full call number Barcode Date last seen Copy number Price effective from Koha item type
    Dewey Decimal Classification     London London News article 20/10/2004   WB4040-14 127779-1001 06/08/2019 1 06/08/2019 News article